Normal view
MARC view
Entry Personal Name
001 - CONTROL NUMBER
- control field: 13859
003 - CONTROL NUMBER IDENTIFIER
- control field: ARRUPE
005 - DATE AND TIME OF LATEST TRANSACTION
- control field: 20150113180920.0
008 - FIXED-LENGTH DATA ELEMENTS
- fixed length control field: 150113|| aca||aabn | a|a d
040 ## - CATALOGING SOURCE
- Original cataloging agency: ARRUPE
- Transcribing agency: ARRUPE
100 ## - HEADING--PERSONAL NAME
- Personal name: Senghor, Leopold Sedar
670 ## - SOURCE DATA FOUND
- Source citation: Work cat.: (ARRUPE): Senghor, Leopold Sedar, Congres Constitutif Du Parti de la Federation Africaine, 1959